Statutory PAYGO : hearing before the Committee on the Budget, House of Representatives, One Hundred Eleventh Congress, first session, hearing held in Washington, DC, June 25, 2009.

Bibliographic Details
Corporate Author: United States. Congress. House. Committee on the Budget
Format: Government Document eBook
Language:English
Published: Washington : U.S. G.P.O., 2010.
Subjects:
Online Access:Electronic resource (PDF)

MARC

Tag First Indicator Second Indicator Subfields
LEADER 00000cam a22000001a 4500
001 in00004100615
005 20200117091329.0
006 m d f
007 cr bn mmmapmmp
008 100513s2010 dcua ob f000 0 eng d
035 |a chdc201000188 
040 |a UMI  |c UMI  |d UtOrBLW 
042 |a pcc 
043 |a n-us--- 
074 |a 1035-B-01 
086 0 |a Y 4.B 85/3:111-13 
088 |a Serial no. 111-13 (United States. Congress. House. Committee on the Budget) 
110 1 |a United States.  |b Congress.  |b House.  |b Committee on the Budget.  |0 http://id.loc.gov/authorities/names/n79018039 
245 1 0 |a Statutory PAYGO :  |b hearing before the Committee on the Budget, House of Representatives, One Hundred Eleventh Congress, first session, hearing held in Washington, DC, June 25, 2009. 
264 1 |a Washington :  |b U.S. G.P.O.,  |c 2010. 
264 2 |a Washington :  |b For sale by the Supt. of Docs., U.S. G.P.O. 
300 |a iii, 70 pages :  |b illustrations, digital, PDF file. 
336 |a text  |b txt  |2 rdacontent 
337 |a computer  |b c  |2 rdamedia 
338 |a online resource  |b cr  |2 rdacarrier 
500 |a Shipping list number: 2010-0230-P. 
504 |a Includes bibliographical references. 
500 |a "Serial number 111-13." 
500 |a Record is based on bibliographic data in ProQuest Congressional Hearings Digital Collection. Reuse except for individual research requires license from ProQuest, LLC. 
500 |a Electronic resource. 
533 |a Electronic reproduction.  |b [Bethesda, Md.] :  |c ProQuest,  |d 2010.  |e digital, PDF file.  |n ProQuest U.S. Congressional Hearings Digital Collection.  |n Mode of access: World Wide Web via ProQuest website. 
538 |a System requirements: PDF reader software. 
650 0 |a Budget  |z United States.  |0 http://id.loc.gov/authorities/subjects/sh85017604 
650 0 |a Budget deficits  |z United States.  |0 http://id.loc.gov/authorities/subjects/sh2007101781 
650 0 |a Taxation  |x Law and legislation  |z United States.  |0 http://id.loc.gov/authorities/subjects/sh2008112540 
650 0 |a Government spending policy  |z United States.  |0 http://id.loc.gov/authorities/subjects/sh85056109 
650 0 |a Fiscal policy  |z United States.  |0 http://id.loc.gov/authorities/subjects/sh2008103784 
776 0 8 |i Print version:   |a United States. Congress. House. Committee on the Budget.  |t Statutory PAYGO  |w 9780160856716  |w 016085671X  |w (OCoLC)614018551 
776 0 8 |i Microfiche version:   |a United States. Congress. House. Committee on the Budget.  |t Statutory PAYGO  |d [Bethesda, Md.] : ProQuest,[2010]  |o CIS 2010 H261-9  |w (ProQuest)cis01000244  
856 4 0 |u http://proxy.library.tamu.edu/login?url=http://search.proquest.com/congcomp/getdoc?HEARING-ID=HRG-2009-BGH-0015  |y Electronic resource (PDF)  |t 0 
998 |a cis01000244  
999 f f |s b400c349-3327-328b-8bf4-2d2d0795245f  |i 761a963a-07a3-32e5-97cc-db3e2d35d177  |t 0 
952 f f |a Texas A&M University  |b College Station  |c Electronic Resources  |d Available Online  |t 0  |e Y 4.B 85/3:111-13  |h Superintendent of Documents classification 
998 f f |a Y 4.B 85/3:111-13  |t 0  |l Available Online